00225 a2200109 4500001000700000020000600007040001100013100001500024240003600039245003100075362000900106177735 a  cMagnum aLuiza, Ana10aO encantamento da fantasialpor10aO encantamento da fantasia0 a1899